Odhad sadzby diskontného faktora pri ohodnocovaní akcií pre znalcov ohodnocujúcich akcie, pre účtovníkov a finančných analytikov
Posudok znalca je jednou z možností stanovenia reálnej hodnoty cenných papierov. Znalci pri ohodnocovaní majetku postupujú podľa vyhlášky Ministerstva spravodlivosti SR č. 492/2004 Z.z. o stanovení všeobecnej hodnoty majetku. Metódy - majetková, podnikateľská (výnosová metóda), kombinovaná a porovná...
Guardado en:
| Autor principal: | |
|---|---|
| Formato: | Capítulo de libro |
| Lenguaje: | eslovaco |
| Materias: | |
| Etiquetas: |
Sin Etiquetas, Sea el primero en etiquetar este registro!
|
MARC
| LEADER | 00000naa$a2200000$$$4500 | ||
|---|---|---|---|
| 001 | 0043806 | ||
| 005 | 20240502071520.6 | ||
| 041 | 0 | |a slo | |
| 044 | |a SK | ||
| 245 | 1 | 0 | |a Odhad sadzby diskontného faktora pri ohodnocovaní akcií |b pre znalcov ohodnocujúcich akcie, pre účtovníkov a finančných analytikov |c Božena Hrvoľová |
| 520 | |a Posudok znalca je jednou z možností stanovenia reálnej hodnoty cenných papierov. Znalci pri ohodnocovaní majetku postupujú podľa vyhlášky Ministerstva spravodlivosti SR č. 492/2004 Z.z. o stanovení všeobecnej hodnoty majetku. Metódy - majetková, podnikateľská (výnosová metóda), kombinovaná a porovnávacia metóda. Odhad sadzby diskontného faktora (r). Odhad nákladov vlastného kapitálu. Obchodné riziko. | ||
| 610 | 2 | 0 | |a akcie |
| 610 | 2 | 0 | |a papiere cenné |
| 610 | 2 | 0 | |a oceňovanie |
| 610 | 2 | 0 | |a diskont |
| 610 | 2 | 0 | |a sadzby diskontné |
| 610 | 2 | 0 | |a majetok |
| 610 | 2 | 0 | |a hodnota |
| 610 | 2 | 0 | |a kapitál vlastný |
| 100 | 1 | |a Hrvoľová, Božena | |